Bridging the gap between school and college : A progress report on four related projects supported by the fund for the advancement of education (Record no. 1329743)

MARC details
000 -LEADER
fixed length control field 00570nam a2200181Ia 4500
005 - DATE AND TIME OF LATEST TRANSACTION
control field 20250508151430.0
008 - FIXED-LENGTH DATA ELEMENTS--GENERAL INFORMATION
fixed length control field 008 250505s9999 xx 000 0 eng d
037 ## - SOURCE OF ACQUISITION
Stock number Textual
040 ## - CATALOGING SOURCE
Original cataloging agency FEDL
Language of cataloging eng
Transcribing agency FEDL
041 ## - LANGUAGE CODE
Language code of text/sound track or separate title eng
Source of code eng
084 ## - COLON CLASSIFICATION NUMBER
Classification number 370.973, USF
Assigning agency FEDL
245 #0 - TITLE STATEMENT
Title Bridging the gap between school and college : A progress report on four related projects supported by the fund for the advancement of education
260 ## - PUBLICATION, DISTRIBUTION, ETC.
Date of publication, distribution, etc. 1953
300 ## - PHYSICAL DESCRIPTION
Extent 127p.
650 ## - SUBJECT ADDED ENTRY--TOPICAL TERM
Topical term or geographic name entry element Education
942 ## - ADDED ENTRY ELEMENTS (KOHA)
Koha item type Textual
Classification part 370.973, USF
Holdings
Withdrawn status Lost status Damaged status Not for loan Home library Current library Date acquired Total Checkouts Full call number Barcode Date last seen Price effective from Koha item type
        Department of Education Library Department of Education Library 2025-05-08   370.973, USF EL0010379 2025-05-08 2025-05-08 Textual
Copyright @ Delhi University Library System